Statistics for UEFA Women`s Cup / Champions League Winner

Click here to take the quiz!

General Stats

  • This quiz has been taken 71 times
    (38 since last reset)
  • The average score is 18 of 22

Answer Stats

SeasonAnswer% Correct
2022/23FC Barcelona
100%
2020/21FC Barcelona
100%
2021/22Olympique Lyon
100%
2019/20Olympique Lyon
100%
2018/19Olympique Lyon
100%
2017/18Olympique Lyon
100%
2016/17Olympique Lyon
100%
2015/16Olympique Lyon
100%
2010/11Olympique Lyon
100%
2011/12Olympique Lyon
100%
2013/14VfL Wolfsburg
94%
2012/13VfL Wolfsburg
94%
2006/07Arsenal LFC
91%
2014/15Eintracht Frankfurt
69%
2007/08Eintracht Frankfurt
69%
2005/06Eintracht Frankfurt
69%
2001/02Eintracht Frankfurt
69%
2009/10Turbine Potsdam
56%
2004/05Turbine Potsdam
56%
2002/03Umea IK
47%
2003/04Umea IK
47%
2008/09Duisburg
31%

Score Distribution

Percentile by Number Answered

Percent of People with Each Score

Your Score History

You have not taken this quiz since the last reset